Pictology : An analytical method for attribution and evaluation of pictures /

محفوظ في:

المؤلف الرئيسي: Dantzig (مؤلف)

التنسيق: كتاب الكتروني

اللغة: English

منشور في: Leiden ; Boston : Brill, 1973.

سلاسل: European History and Culture - Book Archive pre-2000

الموضوعات:

الوصول للمادة أونلاين: Login to view Source

الوسوم: إضافة وسم

لا توجد وسوم, كن أول من يضع وسما على هذه التسجيلة!

رقم الطلب: ND1637

LEADER 02170nam a22003858i 4500
001 BRILL9789004626133
003 nllekb
005 20241030072655.0
006 m d
007 cr un uuuua
008 240918s1973 gw sb 001 0 eng d
020 |a 9789004626133  |q (electronic book) 
020 |z 9789004036628  |q (print) 
024 7 |a 10.1163/9789004626133  |2 DOI 
035 |a (OCoLC)561469501 
040 |a NL-LeKB  |c NL-LeKB  |e rda 
041 |a eng 
050 4 |a ND1637 
072 7 |a HB  |2 bicssc 
072 7 |a HIS  |x 000000  |2 bisacsh 
082 0 4 |a 751.5/8  |2 23 
100 1 |a Dantzig,  |e author. 
245 1 0 |a Pictology :  |b An analytical method for attribution and evaluation of pictures /  |c Dantzig. 
246 3 |a An analytical method for attribution and evaluation of pictures 
264 1 |a Leiden ;  |a Boston :  |b Brill,  |c 1973. 
490 1 |a European History and Culture - Book Archive pre-2000 
505 0 |t Front Matter -- Preliminary Material /  |r M. M. van Dantzig -- List of Figures /  |r M. M. van Dantzig -- Acknowledgements /  |r M. M. van Dantzig -- Preface /  |r Thomas S. Buechner -- Biographical Note /  |r Ella van Dantzig -- The van Dantzig Foundation /  |r M. M. van Dantzig -- Introduction /  |r M. M. van Dantzig -- Chapter One Fundamentals of Pictology /  |r M. M. van Dantzig -- Chapter Two Pictorial Elements in Pictology /  |r M. M. van Dantzig -- Chapter Three Elucidation /  |r M. M. van Dantzig -- Chapter Four The Application of Pictology /  |r M. M. van Dantzig -- Epilogue /  |r M. M. van Dantzig -- Back Matter -- Appendix /  |r M. M. van Dantzig -- List of Plates /  |r M. M. van Dantzig -- Selected Writings /  |r M. M. van Dantzig -- Artist-Index /  |r M. M. van Dantzig -- Plates 1-59 /  |r M. M. van Dantzig. 
546 |a English 
650 0 |a Painting  |x Attribution. 
650 0 |a Painting  |x Expertising. 
776 0 8 |i Print version:  |t Pictology : An analytical method for attribution and evaluation of pictures.  |d Leiden ; Boston : Brill, 1973.  |z 9789004036628  |w (OCoLC)842733  |w (DLC) 74157234 
830 0 |a European History and Culture - Book Archive pre-2000 
856 4 |z DOI:   |u http://dx.doi.org/10.1163/9789004626133 
942 |2 lcc  |c EBOOK 
999 |c 59509  |d 59509